LEADER 00857nam a2200217 i 4500 001 000000187373 003 CaOOAMICUS 005 20191017103442.0 008 100315s1934 it u000 u lat u 013 $a165440 040 $aSeMil$bita 100 1 $aFiocchi, Ambrogio M. .$0(OLS)http://semarc/name/89987 245 10$aPraelectiones theologiae mysticae /$cAmbrosius M. Fiocchi. 260 $aRoma :$bPontificia Università Gregoriana,$c1934. 300 $a145 p. ;$c23 cm. 650 4$aTeologia mistica.$0(OLS)http://semarc/subject/1070 850 $aSeMil 852 $aSeMil$W1$xVenegono$y1$m3F III 91$j138060$B138060$CSeMilBibl$Z2$F149530 $81 996 $6245$aPraelectiones theologiae mysticae$9(OLS)http://semarc/title/269523 996 $6260$aRoma :$bPontificia Università Gregoriana$9(OLS)http://semarc/publisher/29750 LEADER 00834nam a2200229 i 4500 001 000000201263 003 CaOOAMICUS 005 20110426000000.0 008 110426s1978 it u000 u ita u 013 $a179964 040 $aSeMil$bita 245 13$aLa vegetazione. 260 $a[Milano] :$bRegione Lombardia,$c1978. 300 $a288 p. :$bill. ;$c25 cm. 490 0 $aNatura in Lombardia ;$v2 500 $aPubblicazioni fuori commercio. 650 4$aVegetazione.$0(OLS)http://semarc/subject/6954 830 0$aNatura in Lombardia ;$v2.$0(OLS)http://semarc/title/27781 850 $aSeMil 852 $aSeMil$W1$xVenegono$y1$m3W III 345$j151789$B151789$CSeMilBibl$Z2$F162970 $81 996 $6245$aLa vegetazione$9(OLS)http://semarc/title/226039 996 $6260$a[Milano] :$bRegione Lombardia$9(OLS)http://semarc/publisher/33135 LEADER 00535nam a2200169 i 4500 001 000000103397 003 CaOOAMICUS 005 20011001000000.0 008 011001n it u000 u ita u 013 $a75568 040 $aSeMil$bita 245 10$aG-P. 773 0 $tDizionario dei capolavori.$dTorino : UTET, 1987.$z88-02-04103-2$g2$w()6682 850 $aSeMil 852 $aSeMil$W1$xVenegono$y1$mSL1.C VI 19$j59858$B59858$CSeMilBibl$Z2$F44344 $8I 961 $aAcquisto: UTET (Agente) 996 $6245$aG-P$9(OLS)http://semarc/title/135293